000 00639nam a2200193 4500
008 151202b xxu||||| |||| 00| 0 eng d
020 _a9781133943440
082 _aDC 155
_bK12
_22014
100 _91010
_aKail, Robert V.
245 _aEssentials of Human Development:
_bA Life Span View/
_cRobert V. Kail
260 _aUSA:
_bWadsworth Cengage Learning,
_cc2014
300 _axxix, 542 Pages:
_bColored Illustration;
_c27.5
500 _aIncludes Glossary & References
650 0 _92055
_aDevelopmental psychology.
650 0 _92057
_aChild development.
700 _91011
_aJohn C. Cavanaugh
365 _b7,156.58
_cPhp
942 _2ddc
_cDC
999 _c402
_d402